000 00631nam a2200241Ia 4500
003 OSt
005 20220924130645.0
006 a|||||r|||| 00| 0
007 ta
008 220923b |||||||| |||| 00| 0 ger d
024 _a62295
037 _cTextual
040 _aARTS
_cARTS
_bger
041 _2ger
_ager
082 _aQ43:31, 113L7
100 _aTaranatha
_924336
245 0 _aEdelsteinmine ed by Albert Grunwedel
260 _aTokyo
_bMeicho Funkyu Kai
_c1977
300 _a212p.
_ccm.
650 _aRELIGION
942 _hQ43:31, 113L7
_cTEXL
_2CC
999 _c425054
_d425054